MARC

LEADER 00000nam0a2200000 4500
001 254311
005 20231031214753.0
010 |a 5319002874 
020 |a RU  |b 89-52094 
035 |a (RuTPU)RU\TPU\book\276754 
090 |a 254311 
100 |a 20140320d1989 k a0rusy5003 ca 
101 0 |a rus 
102 |a UA 
105 |a y g 001zy 
200 1 |a Общественные фонды потребления  |e справочник  |f В. И. Загородний [и др.] 
210 |a Киев  |c Политиздат Украины  |d 1989 
215 |a 160 с. 
320 |a Библиогр. в примеч.: с. 146-149. 
320 |a Предм. указ.: с. 150-152. 
606 1 |a Воспроизводство социалистическое  |2 stltpush  |3 (RuTPU)RU\TPU\subj\3713 
610 1 |a фонды потребления 
610 1 |a социализм 
610 1 |a справочники 
610 1 |a блага 
610 1 |a производственные отношения 
686 |a У011.777.7  |2 rubbk 
701 1 |a Загородний  |b В. И. 
701 1 |a Дробноход  |b Е. Ф. 
701 1 |a Зубовский  |b В. М. 
701 1 |a Ковальчук  |b Т. Т. 
701 1 |a Король  |b В. С. 
701 1 |a Попов  |b Б. И. 
701 1 |a Чужинов  |b И. И. 
702 1 |a Загородний  |b В. И.  |g Василий Иванович  |4 070 
801 0 |a RU  |b RuMRKP  |c 19950417  |g psbo 
801 1 |a RU  |b 63413507  |c 20140320 
801 2 |a RU  |b 63413507  |c 20140623  |g RCR 
942 |c BK